Select which cars… - Statistics

General Stats
  • This quiz has been taken 70 times
  • The average score is 37 of 45
Answer Stats
Question Tile Select % Correct
Models sold by FORD M2 No
100%
Models sold by FORD Camero No
98%
Companies found in Italy BMW No
96%
Companies found in Italy Ford No
96%
Companies found in Italy Lamborghini Yes
96%
Companies found in Italy Alfa Romeo Yes
95%
Cars that appear in James Bond Films (according to Wikipedia) Aston Martin DB5 Yes
95%
Companies found in Italy Audi No
95%
Companies found in Italy Ferrari Yes
95%
Car manufactures who have an F1 team. Ferrari Yes
93%
Models sold by FORD Focus Yes
93%
Companies found in Italy Lada No
93%
Models sold by FORD GT Yes
91%
Companies found in Italy Mazda No
91%
Car manufactures who have an F1 team. McLaren Yes
91%
Models sold by FORD Cadet No
89%
Models sold by FORD Discovery No
89%
Car manufactures who have an F1 team. Volvo No
89%
Car manufactures who have an F1 team. Citroen No
88%
Cars that appear in James Bond Films (according to Wikipedia) Citroen 4C No
88%
Cars that appear in James Bond Films (according to Wikipedia) Pagani Zonda No
88%
Car manufactures which are NOT from the UK Rolls-Royce No
88%
Car manufactures which are NOT from the UK BMW Yes
86%
Models sold by FORD F150 Yes
86%
Car manufactures who have an F1 team. Ford No
86%
Car manufactures who have an F1 team. Mercedes Yes
86%
Companies found in Italy Rimac No
86%
Cars that appear in James Bond Films (according to Wikipedia) Aston martin V8 Vantage Yes
84%
Car manufactures who have an F1 team. Lamborghini No
84%
Car manufactures which are NOT from the UK GMC Yes
82%
Car manufactures who have an F1 team. Peugeot No
82%
Car manufactures which are NOT from the UK Volvo Yes
82%
Cars that appear in James Bond Films (according to Wikipedia) Pontiac firebird No
81%
Car manufactures which are NOT from the UK BAC No
79%
Car manufactures which are NOT from the UK Radical No
79%
Models sold by FORD Model T Yes
75%
Models sold by FORD Mondeo Yes
70%
Cars that appear in James Bond Films (according to Wikipedia) Lotus eleven No
68%
Car manufactures who have an F1 team. Alpine Yes
61%
Car manufactures which are NOT from the UK DMC Yes
61%
Car manufactures which are NOT from the UK Holden Yes
60%
Cars that appear in James Bond Films (according to Wikipedia) Lotus Esprit Yes
58%
Car manufactures which are NOT from the UK Alpine Yes
56%
Cars that appear in James Bond Films (according to Wikipedia) Sunbeam Alpine Yes
28%
Cars that appear in James Bond Films (according to Wikipedia) Aston martin DBX No
26%
No matching quizzes found
Score Distribution
Percent of People with Each Score
Percentile by Number Answered
Your Score History
You have not taken this quiz